Statistics for Jump between World Capitals: Most Isolated from previously listed ones, with a map

Click here to take the quiz!

General Stats

  • This quiz has been taken 215 times
  • The average score is 99 of 196

Answer Stats

D1
D2
CAPITAL CITY % Correct
2,330 .
2,717
CANBERRA
canberra madrid
100%
18,057 .
503
LISBON
lisbon canberra S
87%
10,205 .
11,345
SANTIAGO
canberra lisbon D
80%
8,994 .
9,173
DHAKA
lisbon dhaka M
75%
6,588 .
8,685
MEXICO CITY
canberra dhaka M
74%
8,437 .
8,929
MASERU
santiago lisbon M
74%
5,239 .
8,784
MAJURO
maseru lisbon A
73%
5,091 .
5,347
ASMARA
santiago mexico city
72%
4,523 .
4,897
TOKYO
lisbon asmara
70%
3,809 .
5,116
DILI
mexico city paramaribo
69%
3,190 .
4,421
PORT LOUIS
tokyo dhaka
69%
4,648 .
4,987
PARAMARIBO
majuro dhaka
69%
3,914 .
4,485
MOSCOW
asmara maseru
69%
2,644 .
2,873
SINGAPORE
paramaribo santiago
68%
2,950 .
3,317
REYKJAVIK
dhaka port louis
68%
2,523 .
3,007
BRASILIA
asmara maseru
68%
2,391 .
2,611
MANILA
dili canberra
68%
2,404 .
2,704
DODOMA
singapore dili
68%
3,599 .
4,811
OTTAWA
majuro canberra
68%
3,014 .
3,055
ULAANBAATAR
lisbon paramaribo
68%
3,909 .
3,954
SAO TOME
canberra tokyo
67%
2,377 .
2,868
PORT MORESBY
canberra nuku'alofa
67%
3,449 .
3,809
NUKU'ALOFA
maseru asmara
67%
2,770 .
2,797
TASHKENT
paramaribo mexico city
67%
2,822 .
3,211
MALE
dhaka moscow
67%
2,681 .
3,128
QUITO
dili dhaka
67%
1,685 .
1,875
SUCRE
manila dili
66%
2,330 .
2,425
WELLINGTON
asmara moscow
66%
1,936 .
1,993
LJUBLJANA
nuku'alofa port moresby
65%
1,289 .
1,402
HONIARA
tokyo ulaanbaatar
65%
2,265 .
2,310
NICOSIA
ottawa mexico city
65%
2,262 .
2,327
NASSAU
tashkent asmara
65%
1,616 .
1,754
HANOI
mexico city quito
64%
1,520 .
1,556
FUNAFUTI
paramaribo nassau
64%
1,563 .
1,629
BAKU
ljubljana moscow
64%
1,281 .
1,550
WINDHOEK
oslo reykjavik
64%
2,989 .
3,603
PRAIA
lisbon moscow
64%
1,115 .
2,049
ASTANA
ljubljana moscow
63%
1,287 .
1,810
PYONGYANG
maseru harare
63%
1,316 .
1,479
LIMA
dodoma asmara
63%
1,734 .
2,191
VICTORIA
praia sao tome
63%
1,048 .
1,073
ASUNCION
tripoli lisbon
63%
1,769 .
2,462
PORT-VILA
port louis dodoma
63%
1,323 .
1,386
HARARE
quito sucre
63%
1,695 .
2,120
BAMAKO
santiago brasilia
63%
744 .
1,067
SUVA
dhaka hanoi
62%
1,256 .
1,297
BANDAR SERI BEGAWAN
sao tome windhoek
62%
1,022 .
1,094
ALGIERS
majuro honiara
62%
1,157 .
1,600
TAIPEI
tashkent baku
62%
1,467 .
1,877
TRIPOLI
majuro port moresby
62%
1,460 .
2,181
PALIKIR
dhaka tashkent
62%
1,562 .
1,649
OSLO
nuku'alofa port-vila
62%
1,341 .
1,973
MONTEVIDEO
maseru dodoma
62%
1,508 .
1,742
BASSETERRE
ljubljana nicosia
62%
1,683 .
2,040
MELEKEOK
dhaka manila
62%
1,054 .
1,745
ANTANANARIVO
hanoi singapore
61%
1,593 .
2,505
N'DJAMENA
nicosia tashkent
61%
814 .
1,025
PANAMA CITY
pyongyang ulaanbaatar
61%
1,244 .
1,573
LUANDA
baku muscat
61%
979 .
1,249
YAREN
n'djamena sao tome
61%
767 .
892
ABUJA
bamako accra
60%
2,193 .
2,254
MUSCAT
moscow nicosia
60%
886 .
1,148
APIA
praia bamako
60%
810 .
1,170
BEIJING
baku tashkent
60%
732 .
1,534
WASHINGTON
quito panama
60%
894 .
1,527
JAKARTA
nassau basseterre
59%
920 .
1,027
MORONI
nicosia chisinau
59%
1,100 .
1,412
NIAMEY
port louis harare
59%
1,597 .
1,611
MANAGUA
sao tome bamako
59%
1,051 .
1,142
PHNOM PENH
sucre montevideo
59%
1,303 .
1,411
JUBA
port-vila port moresby
59%
661 .
704
TARAWA
sao tome abuja
58%
4 .
225
VATICAN CITY
58%
780 .
966
PARIS
dodoma juba
58%
1,343 .
1,401
MOGADISHU
santiago sucre
58%
888 .
1,027
PORT-AU-PRINCE
nuku'alofa funafuti
58%
915 .
961
ACCRA
singapore bandar seri begawan
58%
1,268 .
1,497
DUBLIN
manila singapore
58%
1,425 .
1,578
NEW DELHI
victoria dodoma
58%
917 .
1,087
ATHENS
niamey sao tome
57%
736 .
1,023
NAYPYIDAW
ottawa nassau
56%
765 .
2,172
COLOMBO
tashkent new delhi
56%
766 .
1,176
MONROVIA
male dhaka
56%
1,233 .
1,234
KUWAIT CITY
manila pyongyang
56%
876 .
1,046
NOUAKCHOTT
basseterre port-au-prince
56%
728 .
772
BOGOTA
ljubljana oslo
56%
939 .
1,388
BANGUI
antananarivo dodoma
56%
1,104 .
1,146
CHISINAU
bamako n'djamena
56%
698 .
916
ADDIS ABABA
nouakchott monrovia
55%
7 .
549
KINSHASA
rome san marino
55%
660 .
726
YAOUNDE
algiers paris
55%
771 .
943
BUJUMBURA
niamey n'djamena
55%
844 .
845
RIGA
managua quito
54%
876 .
1,067
CARACAS
moscow oslo
54%
55 .
161
BRATISLAVA
brazzaville luanda
54%
724 .
838
BERLIN
asmara juba
54%
747 .
1,004
KABUL
nuku'alofa funafuti
53%
689 .
810
BISSAU
asmara addis ababa
53%
781 .
999
ASHGABAT
dublin ljubljana
52%
529 .
820
ANKARA
berlin riga
52%
625 .
914
MAPUTO
nicosia athens
52%
627 .
1,121
BELMOPAN
maseru harare
52%
675 .
801
KATHMANDU
majuro yaren
51%
71 .
217
JERUSALEM
vienna budapest
51%
687 .
988
KHARTOUM
dhaka new delhi
51%
539 .
687
GABORONE
phnom penh naypyidaw
49%
564 .
649
PRISTINA
lisbon algiers
49%
553 .
992
BRAZZAVILLE
dodoma bujumbura
49%
652 .
708
ANDORRA LA VELLA
managua mexico city
49%
518 .
561
WARSAW
harare dodoma
48%
517 .
635
TUNIS
nairobi juba
48%
78 .
153
SKOPJE
amman damascus
48%
479 .
954
BISHKEK
port-au-prince nassau
48%
536 .
669
TEHRAN
nicosia athens
48%
554 .
932
HAVANA
luanda yaounde
48%
566 .
918
SANA'A
athens ljubljana
48%
579 .
613
YAMOUSSOUKRO
kuwait city muscat
48%
556 .
921
BAGHDAD
nassau belmopan
48%
599 .
1,119
CAIRO
caracas basseterre
48%
553 .
860
NAIROBI
maseru maputo
48%
573 .
740
DOHA
asmara addis ababa
47%
517 .
888
LILONGWE
tripoli algiers
47%
537 .
810
BANGKOK
baku ashgabat
47%
586 .
744
PORT-OF-SPAIN
accra monrovia
47%
464 .
488
ROME
baku baghdad
46%
494 .
503
MADRID
doha kuwait city
46%
498 .
616
MONACO
andorra la vella lisbon
46%
82 .
280
TALLINN
pristina tirana
45%
503 .
513
KAMPALA
andorra la vella ljubljana
45%
479 .
517
VIENTIANE
tashkent astana
45%
561 .
946
RABAT
kuwait city baku
45%
475 .
783
KINGSTON
monaco ljubljana
45%
489 .
533
RIYADH
hanoi bangkok
45%
429 .
494
AMMAN
dhaka kathmandu
44%
432 .
558
DJIBOUTI
paris berlin
44%
457 .
759
YEREVAN
sana'a addis ababa
44%
430 .
579
AMSTERDAM
nicosia cairo
43%
423 .
427
THIMPHU
oslo riga
43%
402 .
433
KIEV
ljubljana monaco
42%
417 .
443
STOCKHOLM
niamey bamako
42%
400 .
413
VADUZ
harare lilongwe
41%
415 .
703
OUAGADOUGOU
riga warsaw
41%
403 .
476
MINSK
chisinau minsk
41%
398 .
613
LUSAKA
ljubljana warsaw
41%
381 .
545
BUDAPEST
port-of-spain basseterre
40%
372 .
408
CASTRIES
bissau nouakchott
37%
362 .
397
HELSINKI
managua belmopan
37%
202 .
1,034
BUENOS AIRES
sarajevo pristina
36%
262 .
390
SARAJEVO
gaborone maseru
36%
362 .
396
SAN SALVADOR
monrovia bissau
36%
368 .
690
ISLAMABAD
riga stockholm
36%
371 .
406
DAKAR
kabul new delhi
36%
361 .
455
FREETOWN
chisinau pristina
36%
357 .
444
BUCHAREST
tripoli tunis
36%
305 .
446
DUSHANBE
yaounde sao tome
35%
357 .
403
VALLETTA
berlin oslo
35%
301 .
440
ABU DHABI
paris amsterdam
35%
84 .
175
DAMASCUS
helsinki riga
35%
355 .
484
COPENHAGEN
paramaribo port-of-spain
35%
339 .
511
SAN JOSE
accra abuja
34%
346 .
565
GEORGETOWN
paris amsterdam
34%
214 .
252
VIENNA
montevideo asuncion
34%
303 .
378
LIBREVILLE
doha muscat
34%
287 .
319
LUXEMBOURG
berlin budapest
34%
303 .
441
MALABO
sao tome malabo
34%
315 .
997
KUALA LUMPUR
tashkent kabul
34%
327 .
609
PORTO-NOVO
singapore phnom penh
34%
344 .
358
LONDON
managua panama
34%
280 .
444
PRAGUE
pristina ljubljana
34%
218 .
241
BEIRUT
san salvador managua
33%
218 .
239
TEGUCIGALPA
budapest prague
32%
259 .
401
PRETORIA
port-au-prince kingston
32%
247 .
721
SANTO DOMINGO
rome ljubljana
31%
227 .
285
SAN MARINO
amman nicosia
31%
95 .
134
KINGSTOWN
beirut amman
30%
194 .
955
SEOUL
pristina sarajevo
30%
198 .
243
BELGRADE
pyongyang beijing
28%
155 .
229
SAINT GEORGE'S
castries basseterre
26%
173 .
187
BRUSSELS
minsk riga
26%
159 .
311
BERN
porto-novo accra
26%
95 .
206
SAINT JOHN'S
castries saint george's
25%
131 .
158
PODGORICA
freetown bissau
25%
176 .
296
SOFIA
bujumbura kampala
25%
158 .
168
LOME
port-of-spain castries
25%
172 .
261
VILNIUS
yerevan baku
25%
176 .
376
KIGALI
amsterdam luxembourg
25%
177 .
343
GUATEMALA CITY
pristina bucharest
25%
186 .
304
TIRANA
castries port-of-spain
25%
180 .
339
BRIDGETOWN
san salvador belmopan
25%
170 .
449
TBILISI
dakar bissau
24%
166 .
205
BANJUL
vaduz luxembourg
24%
150 .
262
ROSEAU
maputo pretoria
24%
150 .
301
MBABANE
doha riyadh
23%
140 .
423
MANAMA
tirana pristina
23%
126 .
332
CONAKRY
ljubljana vienna
22%
117 .
267
ZAGREB
basseterre roseau
18%

Score Distribution

Percentile by Number Answered

Percent of People with Each Score

Your Score History

You have not taken this quiz